000 00988nam a22002177a 4500
003 OSt
005 20250916092523.0
008 240228b ||||| |||| 00| 0 eng d
040 _c0
082 _aDPer 621.317 Ie21 June 2022 v. 37 n. 6
100 _aBouzidi, Mansour.
_eauthor.
_953571
245 _aGeneralized predictive direct power control with constant switching frequency for multilevel four-leg grid connected converter /
_cMansour Bouzidi, Said Barkat, Abdelbasset Krama, and Haitham Abu-Rub.
260 _aNew York ;
_bThe Institute of Electrical and Electronics Engineers, Inc. ,
_cJune 2022.
300 _aVolume 37, pages 6625-6636 :
_billustration ;
_c29 cm.
500 _aIEEE Transactions on Power Electronics, vol. 37, no. 6, pages 6625-6636, June 2022.
700 _aBouzidi, Mansour.
_eauthor.
_953571
700 _aBarkat, Said.
_eauthor.
_953572
700 _aKrama, Abdelbasset.
_eauthor.
_953573
700 _aAbu-Rub, Haitham.
_eauthor.
_953574
942 _2ddc
_cPER
999 _c19413
_d19413